Statistics for Most Guessed Middle East Countries Quiz

Click here to take the quiz!

General Stats

  • This quiz has been taken 62 times
  • The average score is 9 of 10

Answer Stats

% GuessedCountry% Correct
89%Saudi Arabia
100%
92%Egypt
98%
79%Iran
98%
81%Iraq
98%
76%Israel
98%
75%Syria
93%
77%Yemen
93%
89%Turkey
91%
80%Oman
88%
82%Cyprus
69%

Score Distribution

Percentile by Number Answered

Percent of People with Each Score

Your Score History

You have not taken this quiz